Psychedelic Rock Bands - Statistics

General Stats
  • This quiz has been taken 51 times
  • The average score is 10 of 24
Answer Stats
Song or Album Hint Answer % Correct
Purple Haze Band whose late legendary frontman revolutionized guitar playing and influenced generations of musicians. Jimi Hendrix Experience
92%
Light My Fire Iconic Los Angeles band fronted by Jim Morrison; "Riders on the Storm" is another signature song. The Doors
90%
Disraeli Gears British power trio of Eric Clapton, Jack Bruce & wild man Ginger Baker; known for "White Room" and "Sunshine of your Love." Cream
86%
Somebody to Love San Francisco band featuring Grace Slick’s soaring vocals; White Rabbit is another hit that defined the Summer of Love. Jefferson Airplane
80%
Mr. Tambourine Man Los Angeles band known for jangly guitars and harmonies, with a name that evokes both flight and melody. The Byrds
59%
Truckin' Legendary San Francisco jam band whose fans are known as Deadheads. Grateful Dead
57%
Time of the Season British Invasion band whose dreamy harmonies are so good, even the walking dead might sing along. The Zombies
57%
In-A-Gadda-Da-Vida US band behind this 17-minute psychedelic epic, featuring one of rock’s most famous drum solos. Iron Butterfly
53%
Sunshine Superman Scottish singer-songwriter known as the “British Dylan” for his psychedelic folk hits. Donovan
51%
Dear Mr. Fantasy Steve Winwood’s band after the Spencer Davis Group; also known for "Low Spark of High-Heeled Boys." Traffic
45%
Cheap Thrills San Francisco bluesy psychedelic rock band fronted by Janis Joplin before her solo career. Big Brother & the Holding Company
39%
Forever Changes Los Angeles band led by Arthur Lee whose blend of folk, rock and psychedelia created this acclaimed ’60s album. Love
33%
I Had Too Much to Dream (Last Night) If they didn't want trippy dreams, maybe they shouldn't have eaten all those prunes right before bedtime. Electric Prunes
29%
Omaha Band whose name may have been inspired by a certain white whale, if said whale was sweet, purple & delicious. Moby Grape
29%
You’re Gonna Miss Me Texas band unusual for featuring an electric jug player — and a name that might make superstitious people take the stairs. 13th Floor Elevators
27%
Summertime Blues Loud, heavy California power trio, proto-metal pioneers; legend says one rehearsal was so loud it killed a dog. Blue Cheer
27%
Incense and Peppermints One-hit wonders from Los Angeles with a trippy, fruity name. Strawberry Alarm Clock
27%
Phaedra German pioneers blending electronic music with space-rock. Seriously... what is it with psychedelic rock bands and fruit? Tangerine Dream
22%
I Got a Line on You California psych-rockers whose riffs allegedly climbed all the way into Led Zeppelin's “Stairway to Heaven.” Spirit
18%
S.F. Sorrow British band credited with creating the first rock opera with this underrated 1968 concept album. The Pretty Things
16%
I-Feel-Like-I’m-Fixin’-to-Die Rag Politically charged San Francisco band famous for satirical anti-Vietnam War songs. Country Joe & the Fish
14%
Pushin’ Too Hard Raw Los Angeles garage-psych band fronted by Sky Saxon; also known for "Can't Seem to Make You Mine." The Seeds
14%
You Keep Me Hangin’ On Band best known for loud, heavy, slowed-down covers of pop hits, with Mark Stein’s organ a distinctive part of their sound. Vanilla Fudge
14%
Let’s Talk About Girls Quirkily named, cult garage-psych group from California, who were often compared to the Rolling Stones. The Chocolate Watchband
6%
No matching quizzes found
Score Distribution
Percent of People with Each Score
Percentile by Number Answered
Your Score History
You have not taken this quiz